| 000 | 00372 a2200169 4500 | ||
|---|---|---|---|
| 001 | 190182 | ||
| 020 | _a85-7472-003-4 | ||
| 040 | _cMagnum | ||
| 100 | _aQueirós, Bartolomeu Campos de | ||
| 240 | 1 | 0 |
_aDe não em não _lpor |
| 245 | 1 | 0 | _aDe não em não |
| 300 | _a24 | ||
| 362 | 0 | _a1998 | |
| 440 | 1 | _aMiguilim | |
| 697 | _aLITERATURA INFANTO-JUVENIL | ||
| 942 | _cBK | ||
| 999 |
_c190182 _d190182 |
||